<?xml version="1.0" encoding="UTF-8"?>
<record
    xmlns:xsi="http://www.w3.org/2001/XMLSchema-instance"
    xsi:schemaLocation="http://www.loc.gov/MARC21/slim http://www.loc.gov/standards/marcxml/schema/MARC21slim.xsd"
    xmlns="http://www.loc.gov/MARC21/slim">

  <leader>01063cam a22002773u 4500</leader>
  <controlfield tag="001">012365949</controlfield>
  <controlfield tag="005">20140119123205.0</controlfield>
  <controlfield tag="008">981217s1997    xxuak  ||     001 ||eng </controlfield>
  <datafield tag="020" ind1=" " ind2=" ">
    <subfield code="a">0876294638</subfield>
  </datafield>
  <datafield tag="020" ind1=" " ind2=" ">
    <subfield code="a">9780876294635</subfield>
  </datafield>
  <datafield tag="082" ind1="0" ind2="4">
    <subfield code="a">692</subfield>
    <subfield code="2">22</subfield>
    <subfield code="b">DEL</subfield>
  </datafield>
  <datafield tag="100" ind1="1" ind2=" ">
    <subfield code="a">Dell'Isola, Alphonse J.</subfield>
    <subfield code="9">34865</subfield>
  </datafield>
  <datafield tag="245" ind1="1" ind2="0">
    <subfield code="a">Value engineering :</subfield>
    <subfield code="b">practical applications-for design, construction, maintenance &amp; operations /</subfield>
    <subfield code="c">Alphonse Dell'Isola.</subfield>
  </datafield>
  <datafield tag="246" ind1="3" ind2="3">
    <subfield code="a">Value engineering :</subfield>
    <subfield code="b">practical applications-for design, construction, maintenance and operations /</subfield>
  </datafield>
  <datafield tag="260" ind1=" " ind2=" ">
    <subfield code="a">Hoboken, United States :</subfield>
    <subfield code="b">John Wiley &amp; Sons, Inc.,</subfield>
    <subfield code="b">RSMeans,</subfield>
    <subfield code="c">c.1997.</subfield>
  </datafield>
  <datafield tag="300" ind1=" " ind2=" ">
    <subfield code="a">xxxv, 427 p. :</subfield>
    <subfield code="b">chart, forms, tables ;</subfield>
    <subfield code="c">29 cm.</subfield>
  </datafield>
  <datafield tag="500" ind1=" " ind2=" ">
    <subfield code="a">Index : p. 423-427.</subfield>
  </datafield>
  <datafield tag="500" ind1=" " ind2=" ">
    <subfield code="a">Glossary : p. 413-422.</subfield>
  </datafield>
  <datafield tag="500" ind1=" " ind2=" ">
    <subfield code="a">Appendix : p. 407-412.</subfield>
  </datafield>
  <datafield tag="650" ind1=" " ind2="0">
    <subfield code="a">Construction industry</subfield>
    <subfield code="x">Costs.</subfield>
    <subfield code="9">34866</subfield>
  </datafield>
  <datafield tag="650" ind1=" " ind2="0">
    <subfield code="a">Value analysis (Cost control)</subfield>
    <subfield code="9">29392</subfield>
  </datafield>
  <datafield tag="650" ind1=" " ind2="0">
    <subfield code="a">Buildings</subfield>
    <subfield code="x">Maintenance</subfield>
    <subfield code="x">Costs.</subfield>
    <subfield code="9">34867</subfield>
  </datafield>
  <datafield tag="653" ind1=" " ind2=" ">
    <subfield code="b">Arch</subfield>
    <subfield code="c">January2014</subfield>
  </datafield>
  <datafield tag="655" ind1=" " ind2=" ">
    <subfield code="v">reading book</subfield>
    <subfield code="9">34232</subfield>
  </datafield>
  <datafield tag="942" ind1=" " ind2=" ">
    <subfield code="2">ddc</subfield>
    <subfield code="k">692 DEL</subfield>
  </datafield>
  <datafield tag="999" ind1=" " ind2=" ">
    <subfield code="c">17929</subfield>
    <subfield code="d">17901</subfield>
  </datafield>
  <datafield tag="952" ind1=" " ind2=" ">
    <subfield code="0">0</subfield>
    <subfield code="1">0</subfield>
    <subfield code="2">ddc</subfield>
    <subfield code="4">0</subfield>
    <subfield code="7">0</subfield>
    <subfield code="8">Baccah</subfield>
    <subfield code="a">MAIN</subfield>
    <subfield code="b">MAIN</subfield>
    <subfield code="c">1ST</subfield>
    <subfield code="d">2014-01-19</subfield>
    <subfield code="e">purchase</subfield>
    <subfield code="g">580.00</subfield>
    <subfield code="l">5</subfield>
    <subfield code="m">56</subfield>
    <subfield code="o">692 DEL</subfield>
    <subfield code="p">000029716</subfield>
    <subfield code="r">2025-07-15 00:00:00</subfield>
    <subfield code="s">2020-01-15</subfield>
    <subfield code="v">725.00</subfield>
    <subfield code="y">BB</subfield>
  </datafield>
</record>
